| 000 | 00434pab a2200169 454500 | ||
|---|---|---|---|
| 008 | 180718b1962 xxu||||| |||| 00| 0 eng d | ||
| 100 | _aMehta, Balvantray | ||
| 245 | _aSome recent trends in Panchayati Raj in India | ||
| 260 | _c1962 | ||
| 300 | _ap.456-459. | ||
| 362 | _aOct-Dec | ||
| 650 | _aPanchayat - India | ||
| 650 | _aPanchayat | ||
| 773 | _aIndian Journal of Public Administration | ||
| 908 | _aN | ||
| 909 | _a100433 | ||
| 999 |
_c100432 _d100432 |
||